Movies Quiz

Random Movies or Clickable Quiz

Explain a Film Plot Badly VII Quiz Stats

 Plays Quiz Updated Jul 20, 2017

Support Sporcle.
Go Orange.
Score 0/20 Timer 05:00
2 Plays Today
% Correct
Avatar
95.6%
The Revenant
92.4%
Night at the Museum
90.6%
The Chronicles of Narnia: The Lion, the Witch, and the Wardrobe
88.3%
Transformers
87%
Harry Potter Series
86.9%
Speed
86.5%
Monsters, Inc.
84.2%
Pirates of the Caribbean: The Curse of the Black Pearl
81.4%
Home Alone 2: Lost in New York
80.7%
% Correct
I Am Legend
78.9%
Scarface
78.7%
Napoleon Dynamite
77.6%
The Bourne Identity
75.9%
Batman v Superman: Dawn of Justice
74.1%
Avengers: Age of Ultron
71.8%
Star Wars: Episode III – Revenge of the Sith
67.3%
Star Trek
64.3%
Bridge to Terabithia
55%
Skyfall
52.3%

You're not logged in!

Compare scores with friends on all Sporcle quizzes.
OR
Log In
Forgot?

From the Vault

Secret Identities: Marvel or DC?

by ColinDaCommunist

A pair of glasses is the greatest disguise. No one will ever know.
Remove Ads.
Support Sporcle.
Get the best of Sporcle when you Go Orange. This ad-free experience offers more features, more stats, and more fun while also helping to support Sporcle. Thank you for becoming a member.

Show Comments

Extras

Top Quizzes Today


Score Distribution

Your Account Isn't Verified!

In order to create a playlist on Sporcle, you need to verify the email address you used during registration. Go to your Sporcle Settings to finish the process.

Report this User

Report this user for behavior that violates our Community Guidelines.

Details: